| 000 | 00987nam a2200241 i 4500 | ||
|---|---|---|---|
| 001 | 126785 | ||
| 003 | ES-MaACL | ||
| 005 | 20250831024531.0 | ||
| 007 | t| | ||
| 008 | 070214s1973 sp r ||||1| spa d | ||
| 100 | 1 |
_aRevuelta González, Manuel. _996464 |
|
| 245 | 1 | 0 |
_aPolítica religiosa de los liberales en el siglo XIX _b: trienio constitucional / _cManuel Revuelta González. |
| 260 |
_aMadrid : _bConsejo Superior de Investigaciones Científicas. Escuela de Historia Moderna, _c1973. |
||
| 300 |
_aXVI, 515 p., 13 lám. ; _c25 cm. |
||
| 490 | 1 |
_aHistoria de España en el mundo moderno ; _v4 |
|
| 650 | 7 |
_aIglesia y Estado- _zEspaña- _yS.XIX _2 _9149103 |
|
| 651 | 7 |
_aEspaña- _xHistoria- _y1820-1823, Trienio constitucional _2 _9145382 |
|
| 710 | 2 |
_aEscuela de Historia Moderna (Madrid) _93547 |
|
| 830 | 0 |
_aHistoria de España en el mundo moderno _v4 _9193453 |
|
| 852 |
_aES-MaACL _jE-8112 _bR.92453 |
||
| 852 |
_aES-MaACL _jP-1192-3 |
||
| 999 |
_c126785 _d126785 |
||